000 00290nam a22001217a 4500
008 170613b xxu||||| |||| 00| 0 eng d
041 _aeng
080 _a327
100 _a19
101 _aSHP
245 _aINTERNATIONAL POLITIVAL ANALYSIS READINGS
_cEDWEARDS.D.V
942 _2udc
_cBK
999 _c17124
_d17124